Valuation of licensed premises (Record no. 23854)

MARC details
000 -LEADER
fixed length control field 00859cab a2200193 4500
001 - CONTROL NUMBER
control field ABS42445
008 - FIXED-LENGTH DATA ELEMENTS--GENERAL INFORMATION
fixed length control field 090401t xxu||||| |||| 00| 0 eng d
035 ## - SYSTEM CONTROL NUMBER
System control number (Sirsi) u36862
041 ## - LANGUAGE CODE
Language code of text/sound track or separate title eng
100 ## - MAIN ENTRY--PERSONAL NAME
Personal name Morgan, D.
245 ## - TITLE STATEMENT
Title Valuation of licensed premises
260 ## - PUBLICATION, DISTRIBUTION, ETC.
Date of publication, distribution, etc. 8(2) Winter 1989/90, 189-197(5)
350 ## - PRICE (NR) (BK AM CF MU VM SE) [OBSOLETE]
Price 0
490 ## - SERIES STATEMENT
Series statement Journal of Valuation
Volume/sequential designation 8(2) Winter 1989/90, 189-197(5)
520 ## - SUMMARY, ETC.
Summary, etc. Examines the history of the valuation of licensed premises covering the 1950s and 1960s when the market was dominated by the major breweries and their system of managed or tenanted licensed property and explains how to value a public house , in particular looking at the effects of fixtures and fittings , goodwill , rent reviews , and capital values of leasehold interests.
690 ## - LOCAL SUBJECT ADDED ENTRY--TOPICAL TERM (OCLC, RLIN)
Topical term or geographic name as entry element RATING AND VALUATION
942 ## - ADDED ENTRY ELEMENTS (KOHA)
Suppress in OPAC 0
948 ## - LOCAL PROCESSING INFORMATION (OCLC); SERIES PART DESIGNATOR (RLIN)
c (OCLC) 04/03/1997
Holdings
Withdrawn status Lost status Source of classification or shelving scheme Damaged status Not for loan Home library Current library Shelving location Date acquired Total Checkouts Full call number Barcode Date last seen Copy number Price effective from Koha item type
    Dewey Decimal Classification     London London Journal article 14/09/1999   ABS42445 36862-1001 06/08/2019 1 06/08/2019 Journal article